Οι έφηβοι και τα προβλήματα τους
Αποθηκεύτηκε σε:
| Κύριος συγγραφέας: | |
|---|---|
| Μορφή: | Βιβλίο |
| Γλώσσα: | Greek English |
| Δημοσίευση: |
Αθήναι :
Σώμα Ελλήνων Προσκόπων, Παρισιανός,
1967.
|
| Θέματα: | |
| Ετικέτες: |
Προσθήκη ετικέτας
Δεν υπάρχουν, Καταχωρήστε ετικέτα πρώτοι!
|
MARC
| LEADER | 00000cam a2200000 a 4500 | ||
|---|---|---|---|
| 001 | 1/125208 | ||
| 008 | 220712s1967####gr | ||| |||| ||gre|| | ||
| 040 | |a GR-MyUa |b gre |c GR-MyUa |e AACR2 | ||
| 041 | 1 | |a gre |h eng | |
| 082 | 7 | |a 155.5 |2 (23) | |
| 100 | 1 | |a Bell, Oswald. | |
| 245 | 1 | 3 | |a Οι έφηβοι και τα προβλήματα τους / |c Oswald Bell ; μετάφρασις: Δημητρίου Α. Μακρίδη. |
| 260 | |a Αθήναι : |b Σώμα Ελλήνων Προσκόπων, |b Παρισιανός, |c 1967. | ||
| 300 | |a 59 σ. ; |c 21 εκ. | ||
| 650 | 0 | |a Teenagers |x Social conditions. | |
| 650 | 0 | |a Child rearing. | |
| 650 | 0 | |a Child development. | |
| 650 | 0 | |a Adolescent psychology. | |
| 970 | |a Σιδερή |b Νεκταρία |z 2022/07/12 | ||